Holiday Quiz

Random Holiday or Clickable Quiz
Score 0/40 Timer 04:00
9 Plays Today
% Correct
Year
91.5%
Town
91.4%
Christmas
91.1%
Tree
91%
Outside
90.9%
Snowman
90.6%
World
90.6%
Halls
90.4%
Boy
90.4%
Fire
90.3%
Claus
90.2%
You
89.7%
Sing
88.4%
Rock
88.4%
Bethlehem
88.3%
Navidad
88%
Faithful
87.7%
Manger
86.6%
Night
86.4%
Holidays
86.2%
% Correct
Lane
85.1%
Home
84.7%
Grinch
84.7%
Nick
83.9%
Bells
83.3%
Reindeer
82.8%
Here
82.4%
Wonderland
81.7%
Over
81.7%
Gentlemen
80.8%
High
78%
Noel
78%
This
77.9%
Rudolph
75.5%
Baby
74.5%
Housetop
72.6%
Clear
66.8%
Ivy
65.1%
Day
65.1%
Ride
62.2%

You're not logged in!

Compare scores with friends on all Sporcle quizzes.
OR
Log In

Sporcle TV

Today on Sporcle TV


Watch our educational content, quiz creation guides, and fun videos on Sporcle TV.

Show Comments

Extras

Top Quizzes Today


Score Distribution

Paid Content

Your Account Isn't Verified!

In order to create a playlist on Sporcle, you need to verify the email address you used during registration. Go to your Sporcle Settings to finish the process.

Report this User

Report this user for behavior that violates our Community Guidelines.

Details: